[Event "48th ch-IND"]
[Site "New Delhi IND"]
[Date "2010.12.13"]
[Round "5"]
[White "Laxman,R"]
[Black "Negi,P"]
[Result "1/2-1/2"]
[WhiteElo "2479"]
[BlackElo "2603"]

1.Nf3 Nf6 2.d4 d5 3.c4 e6 4.g3 dxc4 5.Qa4+ c6 6.Qxc4 b5 7.Qd3 Bb7 8.Bg2 Nbd7
9.O-O a6 10.a4 Be7 11.Bg5 O-O 12.Nbd2 Qb6 13.Bxf6 gxf6 14.Nb3 bxa4 15.Rxa4 Qb5
16.Ra5 Qxd3 17.exd3 Bb4 18.Ra2 c5 19.Ne1 Bxg2 20.Kxg2 cxd4 21.Nxd4 Rfc8 22.Nef3 a5
23.Raa1 Ne5 24.Rfd1 Rc7 25.Kf1 Rd8 26.Rac1 Rxc1 27.Rxc1 Nxf3 28.Nxf3 Rxd3
29.Ke2 Rd5 30.Rc4 f5 31.Nd4 Kg7 32.b3 Kf6 33.Nc6 Bd6 34.Ra4 Bc7 35.b4 axb4
36.Rxb4 Rc5 37.Nd4 e5 38.Nb5 Ba5 39.Rb2 Rc1 40.Ra2 Bb4 41.Kf3 Rc5 42.Ra6+ Ke7
43.Rb6 Be1 44.Rb7+ Kf6 45.Rb6+ Kg7 46.Rb7 Kf6 47.Rb6+ Kg7 48.Nd6 e4+ 49.Ke2 Bc3
50.Rb5 Rxb5 51.Nxb5 Be5 52.f3 f4 53.gxf4 Bxf4 54.fxe4 Bxh2 55.Nd4 Kg6 56.Kf3 Kg5
57.Kg2 Bf4 58.Kh3 Bc1 59.Nc6 Bb2 60.e5  1/2-1/2

[Event "48th ch-IND"]
[Site "New Delhi IND"]
[Date "2010.12.15"]
[Round "7"]
[White "Sethuraman,S"]
[Black "Negi,P"]
[Result "0-1"]
[WhiteElo "2547"]
[BlackElo "2603"]

1.d4 d5 2.c4 c6 3.Nf3 Nf6 4.Qb3 dxc4 5.Qxc4 Bf5 6.g3 e6 7.Bg2 Nbd7 8.O-O Be7
9.e3 O-O 10.Rd1 Qc7 11.Nc3 Bg6 12.h3 Rac8 13.Nh4 Bh5 14.g4 Nd5 15.Nf5 exf5
16.Nxd5 cxd5 17.Qxc7 Rxc7 18.gxh5 Nf6 19.Bd2 Ne4 20.Bxe4 fxe4 21.Rac1 Rfc8
22.Rxc7 Rxc7 23.Rc1 Rc6 24.Rxc6 bxc6 25.f3 f5 26.Be1 Bg5 27.f4 Be7 28.h4 g6
29.hxg6 hxg6 30.b4 Kf7 31.Kg2 Ke6 32.Kf1 Kd7 33.Ke2 Kc7 34.Kd1 Kb6 35.Kc2 Kb5
36.Kb3 Bd8 37.a3 Be7 38.Bg3 Bf6 39.Be1 Bd8 40.Bg3 a5 41.Bf2 Be7 42.Be1 a4+
43.Kc3 Bf8 44.Bd2 Bd6 45.Be1 Be7 46.Kb2 Kc4 47.Kc2 Bf8 48.Bf2 Bh6 49.Bg3 Bg7
50.Bf2 Bf6 51.Be1 Bxd4 52.exd4 Kxd4 53.Bc3+ Ke3 54.Be5 d4 55.Kc1 Kd3 56.Kd1 e3
57.Bd6 Ke4 58.Ke1 d3  0-1

[Event "48th ch-IND"]
[Site "New Delhi IND"]
[Date "2010.12.19"]
[Round "10"]
[White "Thipsay,P"]
[Black "Negi,P"]
[Result "1/2-1/2"]
[WhiteElo "2465"]
[BlackElo "2603"]

1.e4 c5 2.Nf3 d6 3.d4 cxd4 4.Nxd4 Nf6 5.Nc3 a6 6.Be2 e6 7.O-O Be7 8.f4 O-O
9.Kh1 Nc6 10.Be3 Bd7 11.Qe1 b5 12.a3 Nxd4 13.Bxd4 Bc6 14.Qg3 Qd7 15.Rae1 a5
16.Bf3 b4 17.axb4 axb4 18.Nd1 g6 19.Ne3 Qd8 20.Ng4 Nxg4 21.Qxg4 e5 22.fxe5 dxe5
23.Bxe5 Bd7 24.Qf4 Bg5 25.Qg3 Bh4 26.Qf4 Bg5 27.Qg3 Bh4  1/2-1/2

[Event "48th ch-IND"]
[Site "New Delhi IND"]
[Date "2010.12.20"]
[Round "11"]
[White "Negi,P"]
[Black "Lalith,B"]
[Result "1-0"]
[WhiteElo "2603"]
[BlackElo "2481"]

1.e4 c6 2.d4 d5 3.Nd2 dxe4 4.Nxe4 Bf5 5.Ng3 Bg6 6.h4 h6 7.Nf3 Nd7 8.h5 Bh7
9.Bd3 Bxd3 10.Qxd3 e6 11.Bd2 Ngf6 12.O-O-O Be7 13.Kb1 O-O 14.Ne4 Nxe4 15.Qxe4 Nf6
16.Qe2 Qd5 17.Be3 Ng4 18.Bc1 Rfd8 19.Ne5 Nxe5 20.dxe5 Qa5 21.Bd2 Qc5 22.f4 Rd5
23.Be3 Qa5 24.Rxd5 cxd5 25.g4 Rc8 26.f5 Rc4 27.Rf1 Bg5 28.fxe6 fxe6 29.Qf2 Bxe3
30.Qf7+ Kh7 31.Qg6+ Kg8 32.Qxe6+ Kh7 33.Qg6+ Kg8 34.a3 Bf4 35.e6 Re4 36.Qf7+ Kh7
37.e7 Qb5 38.Rxf4 Rxf4 39.Qg6+  1-0

[Event "9th Parsvnath Open"]
[Site "New Delhi IND"]
[Date "2011.01.08"]
[Round "1"]
[White "Kamble,V"]
[Black "Negi,P"]
[Result "0-1"]
[WhiteElo "2367"]
[BlackElo "2607"]

1.Nf3 Nf6 2.c4 g6 3.Nc3 Bg7 4.e4 c5 5.d4 cxd4 6.Nxd4 Nc6 7.Be3 O-O 8.Be2 b6
9.O-O Bb7 10.Nxc6 dxc6 11.b4 c5 12.bxc5 Nd7 13.Qc2 Nxc5 14.Rad1 Qb8 15.Nd5 e6
16.Bf4 Be5 17.Nf6+ Kg7 18.Bxe5 Qxe5 19.Ng4 Qxe4 20.Qb2+ f6 21.Nxf6 Qxg2+  0-1

[Event "9th Parsvnath Open"]
[Site "New Delhi IND"]
[Date "2011.01.09"]
[Round "3"]
[White "Akash Pc,I"]
[Black "Negi,P"]
[Result "0-1"]
[WhiteElo "2069"]
[BlackElo "2607"]

1.e4 c5 2.Nf3 d6 3.d3 g6 4.g3 Bg7 5.Bg2 Nc6 6.c3 e5 7.O-O Nge7 8.Be3 O-O
9.Ne1 b6 10.f4 d5 11.Nd2 d4 12.cxd4 exf4 13.gxf4 Bxd4 14.Bxd4 Qxd4+ 15.Rf2 Qxb2
16.f5 f6 17.Nef3 Nd4 18.Rb1 Qc3 19.Nxd4 Qxd4 20.e5 Rb8 21.Nf3 Qd8 22.Qb3+ Kh8
23.fxg6 Nxg6 24.exf6 Qxf6 25.Rbf1 Bb7 26.Ne1 Qg7 27.Bxb7 Rxb7 28.Rxf8+ Nxf8+
29.Ng2 Rd7 30.Qb5 Ne6 31.Qc6 Qd4+ 32.Kh1 Qd5 33.Qxd5 Rxd5 34.Rf6 Re5 35.Rf7 a5
36.Rb7 Re2 37.Rxb6 Nd4 38.Nf4 Rxa2 39.Ne6 Nxe6 40.Rxe6 a4 41.Rc6 a3 42.Ra6 Kg7
43.Kg1 Kf7 44.h3 Ke7 45.Kh1 Kd7 46.Kg1 Kc7 47.Ra4 Kb6 48.Ra8 Kb5 49.Rb8+ Ka4
50.Ra8+ Kb4 51.Rb8+ Kc3 52.Rc8 Kd4 53.Rd8+ Ke3 54.Rc8 Rc2  0-1

[Event "9th Parsvnath Open"]
[Site "New Delhi IND"]
[Date "2011.01.10"]
[Round "4"]
[White "Negi,P"]
[Black "Ravi,TeS"]
[Result "1-0"]
[WhiteElo "2607"]
[BlackElo "2150"]

1.e4 e6 2.d4 d5 3.Nc3 dxe4 4.Nxe4 Bd7 5.Nf3 Bc6 6.Bd3 Nd7 7.c3 Ngf6 8.Nxf6+ Nxf6
9.Bf4 Bxf3 10.Qxf3 c6 11.O-O Qd5 12.Qe2 O-O-O 13.Be5 Bd6 14.f4 Qa5 15.b4 Qc7
16.c4 Qe7 17.Rab1 Ne8 18.b5 c5 19.b6 a6 20.dxc5 Bxc5+ 21.Kh1 f6 22.Bc3 Rd6
23.Be4 g6 24.Bf3 Ng7 25.Qe4 Rf8 26.g4 Rf7 27.Bg2 Qd8 28.g5 Bd4 29.Bb4 f5
30.Qe2 Rxb6 31.c5 Rxb4 32.Rxb4 Bxc5 33.Rc1 Rc7 34.Rxb7  1-0

[Event "9th Parsvnath Open"]
[Site "New Delhi IND"]
[Date "2011.01.10"]
[Round "5"]
[White "Shreyans,K"]
[Black "Negi,P"]
[Result "0-1"]
[WhiteElo "2219"]
[BlackElo "2607"]

1.e4 e5 2.Nf3 Nc6 3.Bc4 Nf6 4.Nc3 Bb4 5.Nd5 O-O 6.Nxb4 Nxb4 7.d3 d5 8.exd5 Nfxd5
9.h3 c5 10.O-O Nc6 11.Re1 f6 12.a4 Kh8 13.a5 Be6 14.Bd2 Nc7 15.Ra4 Qd7 16.Qa1 Rad8
17.Qa3 b5 18.axb6 axb6 19.Bxe6 Nxe6 20.Be3 f5 21.Bd2 Ned4 22.Nxd4 Nxd4 23.Rc4 e4
24.b4 Nc6 25.bxc5 b5 26.Rb4 exd3 27.Rb2 f4 28.Qxd3 Qc8 29.Qc3 b4 30.Rxb4 Nxb4
31.Qxb4 f3 32.Bc3 fxg2 33.Re7 Rf7 34.Re3 Qf5 35.Qh4 Rdf8 36.Bd4 Qxc2 37.Rg3 Kg8
38.Rxg2 Re8 39.Kh2 Qe4 40.Rg4 Qc6 41.Qg3 Qc7 42.Qxc7 Rxc7 43.h4 Ree7 44.Kg2 Rf7
45.Be3 Rf6 46.Kf1 Kf7 47.Ke2 Rf5 48.Kd3 Ke6 49.Kc4 Rb7 50.Re4+ Kd7 51.Rd4+ Kc8
52.Re4 Kd7 53.Rd4+ Kc8 54.Re4 Rbf7 55.Kb5 Kb7 56.Re6 g6 57.Rb6+ Kc7 58.Rc6+ Kb7
59.Rb6+ Kc8 60.Rc6+ Kb8 61.Re6 Rb7+ 62.Kc6 Rc7+ 63.Kb5 Rb7+ 64.Kc6 Rf8 65.Kd5 Rb4
66.Bg5 Rxf2 67.Re8+ Ka7 68.Re7+ Rb7 69.Re1 Rff7 70.c6 Rb3 71.Be3+ Kb8 72.Bc5 Rd3+
73.Ke6  0-1

[Event "9th Parsvnath Open"]
[Site "New Delhi IND"]
[Date "2011.01.11"]
[Round "6"]
[White "Negi,P"]
[Black "Sangma,R"]
[Result "1-0"]
[WhiteElo "2607"]
[BlackElo "2386"]

1.e4 e5 2.Nf3 Nc6 3.Bb5 a6 4.Bxc6 dxc6 5.O-O Qd6 6.d3 Ne7 7.Be3 c5 8.Nbd2 Nc6
9.Nc4 Qf6 10.h3 Bd6 11.Kh1 O-O 12.c3 b5 13.Nxd6 Qxd6 14.Qe2 f5 15.exf5 Bxf5
16.Rfd1 Qd5 17.Ng5 h6 18.Ne4 c4 19.f3 cxd3 20.Rxd3 Qe6 21.Bg1 Qg6 22.Rad1 Bxe4
23.fxe4 Rad8 24.Rd5 Rde8 25.a4 bxa4 26.Qc4 Kh7 27.Rd7 Rd8 28.Qxa4 Rxd7 29.Rxd7 Nd8
30.Qc4 Ne6 31.Qxa6 Rf6 32.Qe2 Ng5 33.Bh2 Nxe4 34.Bxe5 Re6 35.Qb5 c6 36.Qb8 Re8
37.Qxe8 Ng3+ 38.Kh2  1-0

[Event "9th Parsvnath Open"]
[Site "New Delhi IND"]
[Date "2011.01.12"]
[Round "7"]
[White "Areshchenko,A"]
[Black "Negi,P"]
[Result "1/2-1/2"]
[WhiteElo "2671"]
[BlackElo "2607"]

1.e4 c5 2.Nf3 d6 3.d4 cxd4 4.Nxd4 Nf6 5.Nc3 a6 6.Be2 e6 7.O-O Be7 8.f4 O-O
9.Be3 Nc6 10.Qe1 Nxd4 11.Bxd4 b5 12.a3 Nd7 13.Rd1 Bb7 14.Qg3 Bf6 15.e5 dxe5
16.fxe5 Be7 17.Bd3 Qc7 18.Ne4 Bxe4 19.Bxe4 Rad8 20.c3 Bc5 21.Kh1 Bxd4 22.cxd4 f5
23.Bb1 Nb6 24.Rc1 Qd7 25.Ba2 Rc8 26.Rc5 Kh8 27.Qf4 Na4 28.Rxc8 Rxc8 29.g4 Nxb2
30.gxf5 Nc4 31.fxe6 Qxe6 32.Bb1 g6 33.Be4 Rd8 34.Qh6 Qe7 35.Bg2 Kg8 36.Bh3 Qb7+
37.Kg1 Qb6 38.Kh1 Qb7+ 39.Bg2 Qd7 40.Qf4 Qxd4 41.Qf7+ Kh8 42.Qf6+ Kg8 43.Qf7+ Kh8
44.e6 Nd6 45.Qe7 Nf5 46.Qb7 Qd6 47.Re1 Re8 48.Bc6 Re7 49.Qxa6 Nd4 50.Qa8+ Kg7
51.Bd7 Nxe6 52.Bxe6 Rxe6 53.Qb7+ Kh6 54.Rxe6 Qxe6 55.Qxb5 Qe4+ 56.Kg1 Qe3+
57.Kg2 Qxa3 58.Qe5 Qa2+ 59.Kg3 Qb3+ 60.Kh4 Qc4+ 61.Kg3 Qd3+ 62.Kg2 Qd2+ 63.Kf3 Qd1+
64.Kf2 Qg4 65.Qc7 Qe4 66.Kg3 g5 67.Qd6+ Kh5 68.Qd1+ g4 69.Qb3 Qe5+ 70.Kg2 Qf4
71.Qd5+ Kh4 72.Qd1 Qf5 73.Qc1 Qg5 74.Qxg5+ Kxg5 75.h3 h5 76.hxg4 hxg4 77.Kg3  1/2-1/2

[Event "9th Parsvnath Open"]
[Site "New Delhi IND"]
[Date "2011.01.13"]
[Round "8"]
[White "Negi,P"]
[Black "Lenic,L"]
[Result "1/2-1/2"]
[WhiteElo "2607"]
[BlackElo "2613"]

1.e4 e5 2.Nf3 Nc6 3.Bb5 a6 4.Bxc6 dxc6 5.O-O Bd6 6.d4 exd4 7.Qxd4 f6 8.Re1 Ne7
9.e5 fxe5 10.Nxe5 O-O 11.Bg5 Be6 12.Qe4 Bd5 13.Qg4 Qc8 14.Qxc8 Raxc8 15.Bxe7 Bxe7
16.c4 Bb4 17.Nc3 Bf7 18.Rac1 Rcd8 19.a3 Bxc3 20.Rxc3 Rd2 21.b4 Bh5 22.f3 Rfd8
23.Rce3 Ra2 24.R1e2 Rxe2 25.Rxe2 Kf8 26.Kf2 Be8 27.f4 Ra8 28.g4 a5 29.Ke3 axb4
30.axb4 Ra4 31.Rb2 Ra1 32.f5 h6 33.Re2 Ra4 34.Rb2 Ra1 35.Kd4 b6 36.Re2 Ra4
37.Nd3 Bf7 38.Rc2  1/2-1/2

[Event "9th Parsvnath Open"]
[Site "New Delhi IND"]
[Date "2011.01.15"]
[Round "10"]
[White "Negi,P"]
[Black "Danielsen,Hen"]
[Result "1/2-1/2"]
[WhiteElo "2607"]
[BlackElo "2519"]

1.e4 c6 2.d4 d5 3.Nd2 dxe4 4.Nxe4 Bf5 5.Ng3 Bg6 6.h4 h6 7.Nf3 Nd7 8.h5 Bh7
9.Bd3 Bxd3 10.Qxd3 e6 11.Bd2 Ngf6 12.O-O-O Qc7 13.Qe2 c5 14.Rhe1 O-O-O 15.Ne5 Nb6
16.dxc5 Bxc5 17.Kb1 Bd4 18.f4 Kb8 19.Bb4 Ka8 20.Nxf7 Qxf7 21.c3 Qc7 22.cxd4 Qxf4
23.Qe5 Qg4 24.Ne4 Nc4 25.Qg3 Qxh5 26.Nc5 Qf5+ 27.Ka1 Qg4 28.Qb3 Nb6 29.Nxe6 Rd7
30.Bc5 Nbd5  1/2-1/2

[Event "9th Parsvnath Open"]
[Site "New Delhi IND"]
[Date "2011.01.16"]
[Round "11"]
[White "Krishna,CRG"]
[Black "Negi,P"]
[Result "0-1"]
[WhiteElo "2296"]
[BlackElo "2607"]

1.d4 d5 2.Nf3 Nf6 3.c4 e6 4.Nc3 c6 5.cxd5 exd5 6.Qc2 g6 7.Bg5 Bg7 8.e3 Bf5
9.Bd3 Bxd3 10.Qxd3 Qe7 11.O-O O-O 12.Rfe1 Nbd7 13.a3 h6 14.Bh4 g5 15.Bg3 Ne4
16.Nd2 f5 17.Ndxe4 dxe4 18.Qc4+ Kh8 19.Rad1 Rae8 20.h3 Nb6 21.Qb3 Qd7 22.d5 f4
23.exf4 gxf4 24.Bh4 cxd5 25.Nxe4 f3 26.Nc5 Qc6 27.Nd3 fxg2 28.Nb4 Qc4 29.Qg3 Re2
30.Nd3 Rfe8 31.Rxe2 Rxe2 32.Nf4 Qc2 33.Rd3 Re1+ 34.Kxg2 Qc1 35.Qf3 Rh1 36.Ng6+ Kh7
37.Nf8+ Kg8 38.Kg3 Qc7+ 39.Kg4 Rg1+ 40.Bg3 Bxf8 41.Kh4 Qe7+  0-1

[Event "Schachbundesliga 2010-11"]
[Site "Mulheim GER"]
[Date "2011.02.04"]
[Round "7"]
[White "Negi,P"]
[Black "Potkin,V"]
[Result "0-1"]
[WhiteElo "2596"]
[BlackElo "2630"]

1.e4 e6 2.d4 d5 3.Nc3 Nf6 4.Bg5 dxe4 5.Nxe4 Nbd7 6.Nf3 h6 7.Nxf6+ Nxf6 8.Bh4 c5
9.Bb5+ Bd7 10.Bxd7+ Qxd7 11.Qe2 Be7 12.O-O-O O-O 13.g4 cxd4 14.Bxf6 Bxf6
15.h4 d3 16.cxd3 Rfc8+ 17.Kb1 Rc5 18.g5 Bxb2 19.Kxb2 Rac8 20.Ka1 Rc2 21.Qe4 Qb5
22.Qd4 Rxa2+ 23.Kxa2 Rc2+ 24.Ka3 Qa5+ 25.Qa4 Qc5+  0-1

[Event "Schachbundesliga 2010-11"]
[Site "Mulheim GER"]
[Date "2011.02.06"]
[Round "9"]
[White "Negi,P"]
[Black "Kempinski,R"]
[Result "1/2-1/2"]
[WhiteElo "2596"]
[BlackElo "2615"]

1.e4 c5 2.Nf3 d6 3.d4 cxd4 4.Nxd4 Nc6 5.Nc3 e5 6.Nb3 Nf6 7.Be2 Be7 8.O-O O-O
9.f4 a5 10.a4 Nb4 11.Kh1 Bd7 12.Be3 Bc6 13.Bf3 Qc7 14.Qd2 b6 15.Qf2 Rab8
16.Rad1 b5 17.axb5 Bxb5 18.Nxb5 Rxb5 19.c3 Nc6 20.Nc1 exf4 21.Bxf4 Ne5 22.Bxe5 dxe5
23.Rd2 a4 24.Rfd1 a3 25.bxa3 Qxc3 26.Rd3 Qc4 27.Qa2 Qxa2 28.Nxa2 Rb2 29.Nc3 Bxa3
30.Nd5 Nxd5 31.Rxd5 Re8 32.Rd8 Rxd8 33.Rxd8+ Bf8 34.h4 g6 35.h5 Rb6 36.hxg6 hxg6
37.Rc8 Kg7 38.Be2 f5 39.g4 Rb2 40.Bd3 fxg4 41.Rc2 Rb3 42.Be2 Re3 43.Bxg4 Rxe4
44.Bf3 Rf4 45.Bd5 Rd4 46.Bc6 Be7 47.Re2 Bf6 48.Kg2 Kf7 49.Be4 Rd6 50.Rc2 Kg7
51.Rc7+ Kh6 52.Rc6 Rd4 53.Kf3 Kg5 54.Rc2 Kh5 55.Rc6 Rd1 56.Ke2 Rd4 57.Kf3 Kg5
58.Rc2 Kh6 59.Rc6  1/2-1/2

[Event "13th Dubai Open"]
[Site "Dubai UAE"]
[Date "2011.04.16"]
[Round "6"]
[White "Negi,P"]
[Black "Sasikiran,K"]
[Result "1-0"]
[WhiteElo "2618"]
[BlackElo "2682"]

1.e4 c5 2.Nf3 d6 3.d4 cxd4 4.Nxd4 Nf6 5.Nc3 a6 6.Bg5 e6 7.f4 Nbd7 8.Qf3 Qc7
9.O-O-O b5 10.Bd3 Bb7 11.Rhe1 Be7 12.Qg3 O-O-O 13.Bxb5 axb5 14.Ndxb5 Qb6
15.e5 Nc5 16.exf6 gxf6 17.Bh4 Rhg8 18.Qh3 Bxg2 19.Qe3 Bc6 20.Nd4 Bb7 21.Nf5 Bf8
22.Ng3 Rg6 23.Nge4 d5 24.Bxf6 Rxf6 25.Nxf6 d4 26.Qe5 dxc3 27.Rxd8+ Qxd8 28.Qxc3 Qc7
29.Nxh7 Qxf4+ 30.Kb1 Be7 31.b4 Be4 32.Ng5  1-0

[Event "13th Dubai Open"]
[Site "Dubai UAE"]
[Date "2011.04.16"]
[Round "7"]
[White "Kazhgaleyev,M"]
[Black "Negi,P"]
[Result "1/2-1/2"]
[WhiteElo "2618"]
[BlackElo "2618"]

1.d4 d5 2.c4 e6 3.Nc3 c6 4.cxd5 exd5 5.Qc2 g6 6.Bf4 Bd6 7.Bxd6 Qxd6 8.e3 Ne7
9.Nge2 Nd7 10.Ng3 Nf6 11.Bd3 h5 12.f3 Be6 13.O-O O-O 14.Qf2 c5 15.Nb5 Qb6
16.Rac1 cxd4 17.Nxd4 Bd7 18.b3 Nc6 19.Nge2 Rfe8 20.Bb1 Re7 21.Rc3 Rae8 22.Rfc1 a6
23.h3 Na7 24.Kh1 Bb5 25.Ng3 Bd7 26.a4 Nc6 27.Nge2 Nb4 28.Qg3 Kh8 29.Qf4 Nh7
30.Kg1 Nc6 31.h4 Kg8 32.Rd1 Nf8 33.Kf2 Re5 34.Rdc1 Qd8 35.Rd1 Qa5 36.Rdc1 R5e7
37.Qf6 Nxd4 38.Qxd4 Ne6 39.Qf6 Ng7 40.Qd4 Ne6 41.Qf6 Ng7 42.Qd4  1/2-1/2

[Event "13th Dubai Open"]
[Site "Dubai UAE"]
[Date "2011.04.17"]
[Round "8"]
[White "Negi,P"]
[Black "Hammer,J"]
[Result "1-0"]
[WhiteElo "2618"]
[BlackElo "2606"]

1.e4 e5 2.Nf3 Nc6 3.Bb5 Nf6 4.O-O Nxe4 5.d4 Nd6 6.Bxc6 dxc6 7.dxe5 Nf5 8.Qxd8+ Kxd8
9.Nc3 Bd7 10.h3 b6 11.g4 Ne7 12.Ng5 Ke8 13.Bd2 h5 14.f3 f6 15.exf6 gxf6 16.Nge4 Bg7
17.Rae1 Kf7 18.Ne2 Rae8 19.Nf4 f5 20.Ng5+ Kg8 21.Nge6 Bxe6 22.Nxe6 Bxb2 23.Nxc7 Rd8
24.Bg5 Rh7 25.Rxe7 Rxe7 26.Bxe7 Rd7 27.Re1 Rxc7 28.gxh5 Rd7 29.Bg5 Kf7 30.Kf2 Bf6
31.h4 b5 32.Kg3 b4 33.Kf4 Bc3 34.Re2 a5 35.Kxf5 c5 36.h6 a4 37.Re4 a3 38.f4 Rd5+
39.Re5 Bxe5 40.fxe5 c4 41.Bf6  1-0

[Event "13th Dubai Open"]
[Site "Dubai UAE"]
[Date "2011.04.18"]
[Round "9"]
[White "Gupta,Ab"]
[Black "Negi,P"]
[Result "1-0"]
[WhiteElo "2580"]
[BlackElo "2618"]

1.d4 d5 2.c4 c6 3.Nf3 Nf6 4.Nc3 e6 5.Bg5 h6 6.Bh4 dxc4 7.e4 g5 8.Bg3 b5 9.Be2 Bb7
10.O-O Nbd7 11.Ne5 Bg7 12.Nxd7 Nxd7 13.Bd6 a6 14.a4 b4 15.Bxb4 Qb6 16.Ba3 Qxd4
17.Qc2 c5 18.Rfd1 Qe5 19.Bxc4 Qc7 20.Nb1 O-O 21.Nd2 Rfd8 22.Be2 Rac8 23.Rac1 Bd4
24.g3 Qe5 25.Bf3 Bc6 26.Bg2 Nf6 27.Nf3 Bxe4 28.Rxd4 cxd4 29.Qxc8 Qd5 30.Qc7 Rd7
31.Qe5  1-0

[Event "AAI GM"]
[Site "New Delhi IND"]
[Date "2011.06.23"]
[Round "2"]
[White "Negi,P"]
[Black "Hou Yifan"]
[Result "1-0"]
[WhiteElo "2622"]
[BlackElo "2612"]

1.e4 c5 2.Nf3 Nc6 3.d4 cxd4 4.Nxd4 g6 5.Nc3 Bg7 6.Be3 Nf6 7.Bc4 O-O 8.Bb3 d6
9.f3 Bd7 10.h4 a5 11.a4 h5 12.Qd2 Rc8 13.O-O-O Ne5 14.Bg5 Rc5 15.Kb1 Re8
16.Rhe1 Qc8 17.f4 Nc4 18.Qd3 Ng4 19.Re2 f6 20.e5 dxe5 21.fxe5 fxg5 22.e6 Bc6
23.Bxc4 Ne5 24.Rxe5 Rxe5 25.Qxg6 Rf8 26.Nxc6 bxc6 27.Bd3 Rf6 28.Qh7+ Kf8
29.hxg5 Rxg5 30.Ne4 Rgg6 31.Nc5 Rg5 32.Nd7+  1-0

[Event "AAI GM"]
[Site "New Delhi IND"]
[Date "2011.06.24"]
[Round "3"]
[White "So,W"]
[Black "Negi,P"]
[Result "1/2-1/2"]
[WhiteElo "2667"]
[BlackElo "2622"]

1.e4 c5 2.Nf3 d6 3.d4 cxd4 4.Nxd4 Nf6 5.Nc3 a6 6.Be3 e6 7.Qd2 b5 8.f3 Bb7
9.g4 h6 10.O-O-O Nbd7 11.h4 b4 12.Na4 Qa5 13.b3 Nc5 14.a3 Nxa4 15.axb4 Qc7
16.bxa4 Nd7 17.a5 d5 18.Bf4 e5 19.Bg3 Rb8 20.exd5 Bxd5 21.Nb5 axb5 22.Qxd5 Bxb4
23.Qxd7+ Qxd7 24.Rxd7 Kxd7 25.Bxe5 Bxa5 26.Bxb8 Rxb8 27.Kb2 Bd2 28.Be2 Kc6
29.Rd1 Bf4 30.Bd3 b4  1/2-1/2

[Event "AAI GM"]
[Site "New Delhi IND"]
[Date "2011.06.26"]
[Round "5"]
[White "Negi,P"]
[Black "Sasikiran,K"]
[Result "0-1"]
[WhiteElo "2622"]
[BlackElo "2676"]

1.e4 e5 2.Nf3 Nc6 3.Bb5 a6 4.Ba4 Nf6 5.O-O Be7 6.Re1 b5 7.Bb3 d6 8.c3 O-O
9.h3 Nb8 10.d4 Nbd7 11.Nbd2 Bb7 12.Bc2 Re8 13.Nf1 Bf8 14.Ng3 g6 15.b3 c6
16.Bg5 Bg7 17.Qd2 Qe7 18.Rad1 Qf8 19.a4 Rac8 20.Bd3 Rc7 21.Kh1 bxa4 22.bxa4 c5
23.dxe5 dxe5 24.Qa2 h6 25.Bc1 Nb6 26.Nh4 Kh7 27.a5 Nc8 28.Bc4 Qe7 29.Qe2 Nd6
30.Bxa6 Nfxe4 31.Nxe4 Bxe4 32.Nf3 Ra7 33.Bd3 Bxf3 34.Qxf3 e4 35.Qg3 Be5 36.Bf4 Nf5
37.Qh2 exd3 38.Rxe5 Qd7 39.Rxc5 Qa4 40.Rf1 Rxa5 41.Rc7 Ra7 42.Bd2 Re2 43.Be3 Rxe3
44.fxe3 d2 45.Rxa7 Qxa7 46.e4 Ne3 47.Qg1 Qa6 48.Rxf7+ Kg8 49.Rd7 Qe2 50.Rd8+ Kf7
51.Kh2 Qe1 52.Rxd2 Qxd2 53.c4 Qd6+ 54.Kh1 Qd1 55.c5 Ke6 56.Kh2 Nf1+  0-1

[Event "AAI GM"]
[Site "New Delhi IND"]
[Date "2011.06.28"]
[Round "6"]
[White "Caruana,F"]
[Black "Negi,P"]
[Result "1-0"]
[WhiteElo "2714"]
[BlackElo "2622"]

1.e4 c5 2.Nf3 d6 3.d4 cxd4 4.Nxd4 Nf6 5.Nc3 a6 6.Be3 e6 7.f3 b5 8.Qd2 Nbd7
9.g4 h6 10.O-O-O Ne5 11.Qf2 b4 12.Nce2 Nc4 13.Ng3 Qc7 14.Bxc4 Qxc4 15.Kb1 g6
16.h4 e5 17.Nb3 Be6 18.h5 g5 19.Nf5 Bxf5 20.gxf5 Rc8 21.Rd3 Be7 22.a3 d5
23.exd5 Nxd5 24.Rhd1 Nf6 25.axb4 Qxb4 26.Bd2 Qb8 27.Bc3 O-O 28.Qe3 Rfe8 29.Bxe5 Qb5
30.f4 Qc4 31.Qd2 Ne4 32.Qg2 Qc6 33.Rd5 Nf6 34.fxg5 hxg5 35.Qxg5+ Kh7 36.Bxf6 Qxc2+
37.Ka2 Rg8 38.Qxg8+ Rxg8 39.Bxe7 Rg3 40.Na5 Rg2 41.Ba3 Rf2 42.Nb3 Rf3 43.Nc5 Qc4+
44.Kb1 Rf1 45.Rd4 Qe2 46.Rxf1 Qxf1+ 47.Ka2 Qxf5 48.Rd6 Qf1 49.Nxa6 f5 50.Nb4 Qc4+
51.b3 Qe2+ 52.Bb2 Qxh5 53.Nd5 Qf3 54.Rd7+ Kg6 55.Ne7+ Kh6 56.Rd6+ Kh7 57.Rd8 Kh6
58.Rd6+ Kh7 59.Rd4 Kh6 60.Nd5 Qe2 61.b4 Kg5 62.Kb3 Qf1 63.Nf4 Qa6 64.Bc1 Kf6
65.Bd2 Qf1 66.Rd5 Qb1+ 67.Kc4 Qa2+ 68.Kb5 Qa8 69.Bc3+ Kg5 70.Be5 Qa7 71.Ne6+ Kg4
72.Rd4+ Kf3 73.Nc5 Ke3 74.Kc6 Qf7 75.Rd3+ Ke2 76.Rd5 Qe8+ 77.Kb6 Qf7 78.Rd6 Kf3
79.b5 Qe8 80.Re6 Qc8 81.Bc7 Qa8 82.Rd6 Ke2 83.Ne6 Qe4 84.Nd4+ Kf2 85.Nc6 Qc2
86.Kb7 Qb3 87.b6 f4 88.Kc8 Qh3+ 89.Rd7 f3 90.b7 Kg2 91.b8=Q f2 92.Qb2 Kh1
93.Ne5 f1=Q 94.Kb8 Qh8+ 95.Rd8 Qhf6 96.Qb7+ Kg1 97.Rg8+ Kh2 98.Ng4+  1-0

[Event "AAI GM"]
[Site "New Delhi IND"]
[Date "2011.06.29"]
[Round "7"]
[White "Hou Yifan"]
[Black "Negi,P"]
[Result "1-0"]
[WhiteElo "2612"]
[BlackElo "2622"]

1.e4 c5 2.Nf3 d6 3.d4 cxd4 4.Nxd4 Nf6 5.Nc3 a6 6.Be2 e6 7.O-O Be7 8.f4 O-O
9.Qe1 Qc7 10.Kh1 b5 11.Bf3 Bb7 12.e5 Ne8 13.f5 Bxf3 14.Nxf3 b4 15.f6 bxc3
16.fxe7 Qxe7 17.Qxc3 dxe5 18.Nxe5 f6 19.Be3 Nd6 20.Bc5 Qc7 21.Qb4 Rd8 22.Bb6 Qb7
23.Rad1 fxe5 24.Qb3 Re8 25.Rxd6 Nc6 26.Rxe6 Kh8 27.Rxe8+ Rxe8 28.Bc5 Qxb3
29.axb3 Nd4 30.Rf2 Ne6 31.Be3 Rd8 32.Kg1 Kg8 33.b4 Rd1+ 34.Rf1 Rd6 35.c3 g5
36.g3 h6 37.Kf2 Kf7 38.Kf3 Nd8 39.Ke4+ Ke6 40.Ra1 Rc6 41.g4 Nb7 42.Bc5 a5
43.b3 Rc8 44.c4 Nxc5+ 45.bxc5 Rxc5 46.Ra2 Kf6 47.Kd3 Ke6 48.Kc3 Kf6 49.Rf2+ Ke6
50.Rf8 Ke7 51.Ra8 Kd7 52.Ra6 Ke7 53.Rxh6 Rc8 54.Ra6 Rh8 55.Kd3 Rxh2 56.Rxa5 Rh3+
57.Ke4 Rxb3 58.Rxe5+ Kf6 59.Rf5+ Kg6 60.Rb5 Rc3 61.Rb6+ Kf7 62.Rc6  1-0

[Event "AAI GM"]
[Site "New Delhi IND"]
[Date "2011.06.30"]
[Round "8"]
[White "Negi,P"]
[Black "So,W"]
[Result "1-0"]
[WhiteElo "2622"]
[BlackElo "2667"]

1.e4 e5 2.Nf3 Nf6 3.d4 Nxe4 4.Bd3 d5 5.Nxe5 Nd7 6.Nxd7 Bxd7 7.O-O Bd6 8.c4 c6
9.cxd5 cxd5 10.Nc3 Nxc3 11.bxc3 O-O 12.Qh5 g6 13.Qxd5 Qc7 14.g3 Be6 15.Qf3 Qxc3
16.Rb1 Qxd4 17.Be4 Qc4 18.Bb2 Be7 19.Rfc1 Qxa2 20.Rc7 Bd8 21.Rxb7 Rc8 22.Qe3 f6
23.Ra1 Qc4 24.Rc1 Qa2 25.Rxc8 Bxc8 26.Rxa7 Qe6 27.Ba3  1-0

[Event "AAI GM"]
[Site "New Delhi IND"]
[Date "2011.07.02"]
[Round "10"]
[White "Negi,P"]
[Black "Laznicka,V"]
[Result "1/2-1/2"]
[WhiteElo "2622"]
[BlackElo "2681"]

1.e4 c6 2.d4 d5 3.Nd2 dxe4 4.Nxe4 Bf5 5.Ng3 Bg6 6.h4 h6 7.Nf3 Nd7 8.h5 Bh7
9.Bd3 Bxd3 10.Qxd3 e6 11.Bf4 Qa5+ 12.Bd2 Bb4 13.c3 Be7 14.c4 Qc7 15.O-O-O Ngf6
16.Kb1 O-O 17.Qc2 a5 18.Rh4 a4 19.Ne2 b5 20.cxb5 Rfc8 21.Rc1 Qb6 22.g4 cxb5
23.Qd3 Rxc1+ 24.Bxc1 Nd5 25.g5 Qc6 26.Rg4 Nb4 27.d5 Nxd3 28.dxc6 N7e5 29.Nxe5 Nxe5
30.Rg3 hxg5 31.Nd4 Rc8 32.Bxg5 Nxc6 33.Nxb5 Bf8 34.h6 Kh7 35.hxg7 Bxg7 36.Rh3+ Kg6
37.Rg3 Be5 38.Bf4+ Kf6 39.Rf3 Ke7 40.Na7 Nxa7 41.Bxe5 Rc4 42.Rf4  1/2-1/2

[Event "8th World Teams"]
[Site "Ningbo CHN"]
[Date "2011.07.23"]
[Round "6"]
[White "Negi,P"]
[Black "Sargissian,G"]
[Result "1/2-1/2"]
[WhiteElo "2642"]
[BlackElo "2663"]

1.e4 e5 2.Nf3 Nc6 3.Bb5 a6 4.Ba4 Nf6 5.O-O Be7 6.Re1 b5 7.Bb3 O-O 8.a4 b4
9.d4 d6 10.dxe5 dxe5 11.Qxd8 Rxd8 12.Nbd2 Bd6 13.a5 h6 14.Bc4 Re8 15.b3 Be6
16.Bb2 Nd7 17.h3 f6 18.Nh4 Nc5 19.Nf5 Bf8 20.Ne3 Bxc4 21.Ndxc4 Ne6 22.Rad1 Red8
23.Rd5 Nf4 24.Rxd8 Rxd8 25.h4 Ne6 26.Nd5 Rb8 27.Ra1 Rb5 28.g3 h5 29.Kg2 Kf7
30.Bc1 Bc5 31.Bd2 Ne7 32.Nxe7 Kxe7 33.Ra2 Bd4 34.Ra4 c5 35.f4 exf4 36.gxf4 Nd8
37.Be3 Nc6 38.Bxd4 Nxd4 39.Ne3 Rb8 40.Ra1 Re8 41.Nf5+ Nxf5 42.exf5 Kd6 43.Kf3 Kc6
44.Rd1 Re7 45.Rd8 Kb5 46.Rh8 Kxa5 47.Rxh5 c4 48.Rh7 cxb3 49.cxb3 Kb6 50.h5 Rc7
51.Ke4 a5 52.h6 gxh6 53.Rxh6 Rc6 54.Rh8 Rd6 55.Rb8+ Ka7 56.Rb5 Ka6 57.Rb8 Rd1
58.Rf8 Rd6 59.Rb8 Rd1 60.Rf8 Rd6  1/2-1/2

[Event "1st Qinhuangdao Open"]
[Site "Qinhuangdao CHN"]
[Date "2011.10.02"]
[Round "2"]
[White "Gao Rui"]
[Black "Negi,P"]
[Result "0-1"]
[WhiteElo "2424"]
[BlackElo "2631"]

1.e4 e6 2.d4 d5 3.Nc3 Bb4 4.e5 c5 5.a3 Bxc3+ 6.bxc3 Ne7 7.Qg4 cxd4 8.cxd4 Qc7
9.Bd2 Qxc2 10.Qxg7 Rg8 11.Qh6 Qb2 12.Rc1 Qxd4 13.Nf3 Qe4+ 14.Qe3 Qxe3+ 15.Bxe3 Nbc6
16.Bd3 Ng6 17.h4 Rg7 18.Bh6 Rg8 19.Bg5 h5 20.Bxg6 fxg6 21.Bf6 Bd7 22.Rg1  0-1

[Event "1st Qinhuangdao Open"]
[Site "Qinhuangdao CHN"]
[Date "2011.10.02"]
[Round "3"]
[White "Negi,P"]
[Black "Arutinian,D"]
[Result "1-0"]
[WhiteElo "2631"]
[BlackElo "2577"]

1.e4 c6 2.d4 d5 3.Nd2 dxe4 4.Nxe4 Bf5 5.Ng3 Bg6 6.h4 h6 7.Nf3 Nd7 8.h5 Bh7
9.Bd3 Bxd3 10.Qxd3 e6 11.Bf4 Qa5+ 12.Bd2 Bb4 13.c3 Be7 14.c4 Qc7 15.O-O-O Ngf6
16.Rhe1 a5 17.Re2 Bb4 18.Nf5 Nxh5 19.c5 Nf4 20.Bxf4 Qxf4+ 21.Kb1 O-O 22.Ne7+ Kh8
23.Rxe6 Rad8 24.Rd6 Rfe8 25.g3 Qg4 26.Rh1 Rxe7 27.Rh4 Qxh4 28.gxh4 Rde8 29.Qf5 Nf8
30.a3 Be1 31.Nxe1 Rxe1+ 32.Ka2 R1e7 33.d5 cxd5 34.Qxd5 Kg8 35.f4 Rc7 36.f5 Rec8
37.b4 axb4 38.axb4 Re7 39.Rd8 Rxd8 40.Qxd8 Rd7 41.Qc8 g5 42.hxg5 hxg5 43.b5 g4
44.c6 bxc6 45.bxc6 Rd2+ 46.Kb3 g3 47.f6 Rd6  1-0